| 000 | 01009nam a22002297a 4500 | ||
|---|---|---|---|
| 999 |
_c7729 _d7729 |
||
| 003 | AR-CdUCM | ||
| 008 | 190321b ||||| |||| 00| 0 spa d | ||
| 040 |
_aMUNICIPALIDAD PROVINCIAL DEL CUSCO _cBIBLIOTECA MUNICIPAL DEL CUSCO |
||
| 082 |
_a985.27 / _bM84 |
||
| 100 |
_aMontalvo Cortez, Jorge C. _921829 |
||
| 245 | _aAlbum de oro huaralino / | ||
| 260 |
_aHuaral : _bTalleres gráficos editorial "Mora", _c1957. |
||
| 300 |
_a153 páginas ; _bilustraciones, despegables ; _c28.5 cm. |
||
| 500 | _aEdición conmemorativa al 67º aniversario político. Texto a dos columnas. | ||
| 505 | _aContenido: Tomo 2: Documentos históricos -- Aspectos comparativos del progreso huaralino -- Irrigación "La Esperanza" -- Poesía lírica -- Elegías -- Folklore -- Cuentos y leyendas ... | ||
| 650 |
_aHuaral - Perú _921830 |
||
| 650 |
_aFolklore - Huaral _921831 |
||
| 650 |
_aLeyendas, mitos - Huaral _921832 |
||
| 650 |
_aPoesía peruana - Perú - Huaral _921833 |
||
| 942 |
_2ddc _cLIBROS |
||
| 945 | _alccs | ||